| 000 | 00542nam a2200229Ia 4500 | ||
|---|---|---|---|
| 008 | 210210b1992 xxu||||| |||| 00| 0 eng d | ||
| 082 | _a547 BAHT | ||
| 100 | _aBAHL (B S) | ||
| 245 | _aTextbook of organic chemistry.Ed 13. | ||
| 250 | _a | ||
| 260 |
_aNew Delhi _bS. Chand & Co. Ltd. _c1992 |
||
| 300 | _aiv,780 | ||
| 650 | _aTextbook | ||
| 650 | _aOrganic chemistry | ||
| 650 | _aorganic | ||
| 650 | _aof | ||
| 650 | _achemistry.Ed | ||
| 650 | _a13. | ||
| 690 | _aOrganic Chemistry | ||
| 700 | _aBAHL (Arun). | ||
| 906 | _a045582 | ||
| 999 |
_c95048 _d95048 |
||